000 00738nam a22002172 4500
001 0000009484
005 20151217152055.0
008 081031s xx 000 0 eng d
020 _a0761931856 :
_cKES 2760
040 _aKABU
_cKABU
100 1 _aBoslaugh, Sarah.
_@0000160998
245 1 3 _aAn Intermediate guide to SPSS programming :
_busing syntax for data management /
_cSarah Boslaugh.
260 _aLondon :
_bSAGE,
_c2005.
300 _axi, 233 p.
650 0 _aSPSS for Windows.
_@0000160999
650 0 _aSocial sciences
_xStatistical methods
_xComputer programs.
_@0000149896
852 1 _9p2760 KES
908 _a081031
950 _@1
999 _c7921
_d7921